| 000 | 00559nam a2200205 a 4500 | ||
|---|---|---|---|
| 005 | 20210219153509.0 | ||
| 008 | 991125n 000 0 spa u | ||
| 035 | _aUPN01000103043 | ||
| 100 | _aARRIBAS, Jesus | ||
| 222 |
_aESCUELA ESPAÑOLA : _bREVISTA PROFESIONAL DE EDUCACION |
||
| 245 | _aLos últimos cincuenta años del bachillerato: 1940-1990 | ||
| 300 | _a58-59 | ||
| 362 | _a1990 Año 50, no. 3000, abr. | ||
| 440 | 0 | _a490 | |
| 653 | 0 | _aBACHILLERATO | |
| 653 | 0 | _aESPAÑA | |
| 653 | 0 | _aHISTORIA | |
| 904 |
_aAC _b040854 |
||
| 905 | _aArticulo | ||
| 999 |
_c78456 _d78456 |
||